000 006270000a22002050004500
090 _aAS
_bSERIADAS
245 1 0 _aEscarabajos coprófagos (Coleoptera: Scarabaeidae) de la provincia de la Sierra Nevada de Santa Marta
651 4 _pColombia
_992749
690 _aInsectos
_992622
690 _aBioindicadores
_94131
690 _aListas de insectos
_996639
041 0 _aEspañol
041 0 _aInglés
044 _aColombia
700 1 _aEscobar S., Federico
_998040
700 1 _aRealpe R., Emilio
_9100412
100 1 _aNoriega A., Jorge Ari
_999622
942 _cARTICULO
773 1 _tBiota Colombiana
_h1
_q77-86
_d2007
_g8
999 _c16233
_d16233